Proyecto Arcoiris. Enseñanza Básica, 4
Guardat en:
| Autor principal: | |
|---|---|
| Format: | Llibre |
| Idioma: | espanyol |
| Publicat: |
Santiago
Santillana
2001
|
| Col·lecció: | Multitexto
|
| Matèries: | |
| Etiquetes: |
Afegir etiqueta
Sense etiquetes, Sigues el primer a etiquetar aquest registre!
|
MARC
| LEADER | 00000nam a2200000 a 4500 | ||
|---|---|---|---|
| 001 | UCH6915 | ||
| 003 | CL-VaPUC | ||
| 008 | 091109e20010000CL |||||||||||||||||spa|d | ||
| 020 | |a 9561505770 | ||
| 082 | 0 | 4 | |a 372.19 |b ROJ |2 21 |
| 100 | 0 | |a Rojas Leiva, Manuel José |e author |9 543488 | |
| 245 | 1 | 0 | |a Proyecto Arcoiris. Enseñanza Básica, 4 |
| 300 | |a 368 p | ||
| 942 | |c BK | ||
| 945 | |d 20091109 00:00:00 |a lazolas | ||
| 260 | |a Santiago |b Santillana |c 2001 | ||
| 500 | |a Material didáctico Proyecto Arcoíris para Cuarto Año de Educación Básica | ||
| 650 | 0 | |a Educación básica |9 224933 | |
| 650 | 0 | |a Lenguaje y comunicación |9 395921 | |
| 650 | 0 | |a Matemática |9 260235 | |
| 650 | 0 | |a Medio ambiente |9 257625 | |
| 650 | 0 | |a Ciencias sociales |9 256351 | |
| 650 | 0 | |a Planificación del currículo |9 269599 | |
| 583 | |a last modification |c 20160928 12:35:55 |k Rodrigo Vera | ||
| 490 | 0 | |a Multitexto | |
| 999 | |c 337714 |d 337712 | ||